000 00201 a2200097 4500
020 _a9781418598907
041 _aspa
100 _aMargaret Wise Brown
245 _aBuen dà•, buenas noches
942 _cBK
999 _c29214
_d29212